| Tag |
First Indicator |
Second Indicator |
Subfields |
| LEADER |
00000ccm a2200000Ii 4500 |
| 001 |
in00002467175 |
| 005 |
20151110123421.0 |
| 008 |
800314s1979 xxcsuu ehi n zxx d |
| 029 |
1 |
|
|a NLGGC
|b 159821789
|
| 029 |
1 |
|
|a NZ1
|b 3468068
|
| 029 |
1 |
|
|a AU@
|b 000023655232
|
| 035 |
|
|
|a (OCoLC)ocm06082544
|
| 035 |
|
|
|a (OCoLC)6082544
|
| 040 |
|
|
|a UMK
|c UMK
|d OCLCQ
|d TXA
|d UtOrBLW
|
| 049 |
|
|
|a TXAM
|
| 050 |
|
4 |
|a M59.D46
|b P54 1979
|
| 100 |
1 |
|
|a Demachy,
|c Mr.
|
| 245 |
1 |
0 |
|a Pièces de viole :
|b suites 5-8 transcribed from tablature /
|c Le Sieur de Machy ; edited by Donald Beecher & Bryan Gillingham.
|
| 264 |
|
1 |
|a Ottawa, Canada :
|b Dove House Editions,
|c 1979.
|
| 300 |
|
|
|a 19 pages ;
|c 28 cm.
|
| 336 |
|
|
|a notated music
|b ntm
|2 rdacontent
|
| 337 |
|
|
|a unmediated
|b n
|2 rdamedia
|
| 338 |
|
|
|a volume
|b nc
|2 rdacarrier
|
| 490 |
1 |
|
|a Viola da gamba series ;
|v no. 4
|
| 500 |
|
|
|a Cover title.
|
| 650 |
|
0 |
|a Suites (Viola da gamba)
|
| 830 |
|
0 |
|a Viola da gamba series ;
|v no. 4.
|
| 948 |
|
|
|a cataloged
|b h
|c 2009/6/9
|d c
|e bhartsfi
|f 9:28:08 am
|
| 994 |
|
|
|a C0
|b TXA
|
| 999 |
|
|
|a MARS
|
| 999 |
f |
f |
|s d51da7be-e9e8-354e-8481-8282811e69b9
|i 39ac57d4-24eb-3ac3-815d-ab98444f5471
|t 0
|
| 952 |
f |
f |
|p ric
|a Texas A&M University
|b Rellis Campus
|c Joint Library Facility
|d Remote Storage
|t 0
|e M59.D46 P54 1979
|h Library of Congress classification
|i unmediated -- volume
|m A14838806990
|
| 998 |
f |
f |
|a M59.D46 P54 1979
|t 0
|l Remote Storage
|